000 00365nam a2200145Ia 4500
008 230711s9999||||xx |||||||||||||| ||und||
041 _aENG
082 _a621
_bCA-D
100 _aCaborn,Colin
245 0 _aDesign and technology
250 _a1st
260 _c1992
_aNew Delhi
_bCBS Publishers & Distributors Pvt.Ltd
650 _aGENERAL ENGINEERING
942 _cBK
999 _c2576
_d2576